Benchmarking konkurenčných riešení v prostredí internetu v oblasti cestovného ruchu bakalárska práca

Na minha lista:
Detalhes bibliográficos
Autor principal: Vojteková, Veronika
Autor Corporativo: Obchodná fakulta EU. Katedra marketingu
Outros Autores: Miklošík, Andrej
Formato: Livro
Idioma:eslovaco
Publicado em: Bratislava 2012
Tags: Adicionar Tag
Sem tags, seja o primeiro a adicionar uma tag!

MARC

LEADER 00000nbm a2200000 4500
001 0154629
005 20161109111855.5
041 0 |a slo 
044 |a SK 
245 1 0 |a Benchmarking konkurenčných riešení v prostredí internetu v oblasti cestovného ruchu  |b bakalárska práca  |c Veronika Vojteková ; školiteľ: Andrej Miklošík 
264 1 |a Bratislava  |c 2012 
300 |a 40 s. 
100 1 |a Vojteková, Veronika 
700 1 |a Miklošík, Andrej 
710 2 |a Obchodná fakulta EU. Katedra marketingu